Представление документа в формате MARC21

Поле Инд. ПП Название Значение
Тип записи a
Библиографический уровень m
001 Контрольный номер acb15f08a3e941e4938cb800400b6b64
005 Дата корректировки 20240418114437.2
008 Кодируемые данные 150212|||||||||ru |||||||||||||||||rus||
020 a ISBN 978-5-4222-0241-6
041 0_ a Код языка текста rus
084 a Индекс другой классификации/Индекс ББК 81.0+81.2+81.2-4
090 a Полочн. индекс 81
x Авторский знак И 19
100 1_ a Автор Иванищева О. Н.
245 10 a Заглавие Словарь лексики традиционных промыслов и хозяйственных занятий кольских саамов
b Продолж. заглавия (на материале кильдинского диалекта саамского языка)
c Ответственность М-во образования и науки Рос. Федерации, Мурман. гос. гуманитар. ун-т
260 a Место издания Мурманск
b Издательство Изд-во МГГУ
c Дата издания 2014
300 a Объем 249 с.
500 a Примечание Имеется электрон. аналог 2014 г.
504 a Библиография Библиогр. в тексте
650 04 a Основная рубрика Лексикография-Саамский язык-Словари
651 _4 a Географическое наименование Кольский Север
653 0_ a Ключевые слова Культура саамская; Культурная информация; Лексика; Лексикография; Лексикографирование культуры; Лингвистика; Саамы; Саамский язык; Словари; Словари двуязычные; Словари культурологические; Словари лингвострановедческие
a Ключевые слова Труды преподавателей МГГУ
a Ключевые слова Финно-угорские языки
700 12 a Другие авторы Эрштадт А. М.
901 t Тип документа m